[Event "9th EUROPEAN  INDIVIDUAL  WOME"]
[Site "Plovdiv, Bulgaria"]
[Date "2008.04.27"]
[Round "7"]
[Board "1"]
[White "Danelia, Mariam"]
[Black "Petrenko, Svetlana"]
[Result "1-0"]
[WhiteElo "2129"]
[BlackElo "2314"]
[PlyCount "111"]
[EventDate "2008.04.21"]
[EventRounds "11"]
[EventCountry "BUL"]

1.d4 Nf6 2.c4 d5 3.cxd5 Nxd5 4.e4 Nb6 5.Nc3 g6 6.Be3 Bg7 7.Bb5+ c6 8.Be2 Be6
9.Nf3 Bc4 10.O-O O-O 11.Rc1 N8d7 12.b3 Bxe2 13.Qxe2 e6 14.Rfd1 Qe7 15.Ne1 f5
16.f3 f4 17.Bf2 g5 18.Nd3 Rad8 19.b4 Rf7 20.a4 Nc8 21.e5 Ndb6 22.Rc2 a6 23.Rdc1
Nd5 24.b5 axb5 25.axb5 Na7 26.bxc6 Nxc3 27.Rxc3 Nxc6 28.Qe4 Ra8 29.Nc5 Nd8
30.Rb3 Rc8 31.Rcb1 Rc7 32.Rb6 Qe8 33.Nxb7 Nxb7 34.Rxb7 Qc6 35.Rb8+ Bf8 36.h4
Qxe4 37.fxe4 g4 38.d5 g3 39.Bd4 Rc4 40.Rd1 Rcc7 41.Kf1 Rc2 42.d6 Rd7 43.Ra1 Rf7
44.Ra7 f3 45.Rb1 fxg2+ 46.Kg1 Rd2 47.Rxf7 Kxf7 48.Be3 Re2 49.Bf4 Rxe4 50.Bxg3
Bg7 51.Rb7+ Kg6 52.h5+ Kh6 53.d7 Rd4 {Diagram #} 54.Bh4 Rxh4 55.d8=Q Rxh5
56.Qd2+

[Event "9th EUROPEAN  INDIVIDUAL  WOME"]
[Site "Plovdiv, Bulgaria"]
[Date "2008.04.27"]
[Round "7"]
[Board "1"]
[White "Sarakauskiene, Zivile"]
[Black "Fakhiridou, Ekaterini"]
[Result "0-1"]
[WhiteElo "2198"]
[BlackElo "2292"]
[PlyCount "98"]
[EventDate "2008.04.21"]
[EventRounds "11"]
[EventCountry "BUL"]

1.e4 g6 2.d4 Bg7 3.Be2 c5 4.dxc5 Qa5+ 5.c3 Qxc5 6.Be3 Qa5 7.Nd2 d6 8.h3 Nf6
9.Ngf3 Nc6 10.O-O O-O 11.Nb3 Qc7 12.Qd3 b6 13.Nfd2 Bb7 14.f4 Rfd8 15.c4 Nd7
16.Qc2 a5 17.a4 Nc5 18.Ra3 Qd7 19.Qb1 Re8 20.Nf3 e5 21.Nxc5 dxc5 22.fxe5 Nxe5
23.Bd1 Qc7 24.Nxe5 Bxe5 25.Bf3 Bc6 26.Qc2 Qe7 27.Bf2 Bc7 28.Re3 Rad8 29.Rfe1 Qe5
30.g3 Qg5 31.Kg2 h5 32.h4 Qe5 33.b3 Rd7 34.Qc3 Qxc3 35.Rxc3 Be5 36.Rce3 Rd2
37.R3e2 Red8 38.Kf1 Kg7 39.Be3 R2d3 40.Kf2 Rxb3 41.g4 hxg4 42.Bxg4 Rdd3 43.h5
Rxe3 44.Rxe3 Bd4 45.hxg6 fxg6 46.Kf3 Bxe3 47.Rxe3 Bxa4 48.e5 Bc6+ 49.Kf4 g5+

[Event "9th EUROPEAN  INDIVIDUAL  WOME"]
[Site "Plovdiv, Bulgaria"]
[Date "2008.04.27"]
[Round "7"]
[Board "1"]
[White "Lematschko, Tatjana"]
[Black "Ivkina, Olga"]
[Result "1-0"]
[WhiteElo "2189"]
[BlackElo "2278"]
[PlyCount "115"]
[EventDate "2008.04.21"]
[EventRounds "11"]
[EventCountry "BUL"]

1.d4 Nf6 2.c4 g6 3.Nc3 Bg7 4.g3 d6 5.e3 O-O 6.Bg2 c6 7.Nge2 Qc7 8.O-O e5 9.b3 h5
10.h4 a6 11.a4 a5 12.Ba3 Rd8 13.Ra2 Bg4 14.f3 Bh6 15.fxg4 Bxe3+ 16.Kh1 Nxg4
17.Ne4 f5 18.Ng5 Bxg5 19.hxg5 Ne3 20.Qd3 Nxf1 21.Bxf1 c5 22.d5 Qe7 23.Qd2 Kf7
24.Ng1 Nd7 25.Nf3 h4 26.Nxh4 Rh8 27.Kg1 Rh7 28.Bc1 b6 29.Bh3 Rah8 30.Bxf5 Nf8
31.Bg4 Ke8 32.Qf2 Rf7 33.Qe2 Rg7 34.Qe4 Kd8 35.Bh3 Rh5 36.Qg4 Qd7 37.Rf2 Qxg4
38.Rxf8+ Ke7 39.Bxg4 Rxh4 40.gxh4 Kxf8 41.Kg2 Rh7 42.Kg3 Kg7 43.Be2 Rh8 44.Be3
Rf8 45.Kg4 Rh8 46.Bf2 Kf7 47.Bg3 Kg7 48.Kf3 Rf8+ 49.Ke4 Rh8 50.Bg4 Kf7 51.Be6+
Ke7 52.Bh3 Rh7 53.Bg2 Rh8 54.Bf3 Rh7 55.h5 gxh5 56.g6 Rh6 57.Bh4+ Kf8 58.Kf5

[Event "9th EUROPEAN  INDIVIDUAL  WOME"]
[Site "Plovdiv, Bulgaria"]
[Date "2008.04.27"]
[Round "7"]
[Board "1"]
[White "Cherednichenko, Svetlana"]
[Black "De Rosa, Maria"]
[Result "1-0"]
[WhiteElo "2270"]
[BlackElo "2094"]
[PlyCount "69"]
[EventDate "2008.04.21"]
[EventRounds "11"]
[EventCountry "BUL"]

1.d4 d5 2.Nf3 e6 3.e3 Nf6 4.Bd3 Nbd7 5.O-O Bd6 6.Nbd2 c5 7.b3 O-O 8.Bb2 b6 9.Ne5
Bb7 10.f4 Ne4 11.Nxe4 dxe4 12.Bc4 Nf6 13.Qe2 Nd5 14.f5 Qg5 15.Bxd5 exd5 16.f6 g6
17.g3 h5 18.Rf4 Bc8 19.Qg2 cxd4 20.exd4 Bf5 21.Raf1 Rac8 22.h4 Qxf6 23.g4 hxg4
24.Nxg4 Qg7 25.Rxf5 Rxc2 26.R5f2 Rxb2 27.Rxb2 Qxd4+ 28.Kh1 f5 29.Rd2 Qc3 30.Rxd5
fxg4 31.Rxd6 Rf5 32.Rxg6+ Kh7 33.Rxg4 Rf3 34.Kg1 Qd4+ 35.Kh2

[Event "9th EUROPEAN  INDIVIDUAL  WOME"]
[Site "Plovdiv, Bulgaria"]
[Date "2008.04.27"]
[Round "7"]
[Board "1"]
[White "Ni, Viktorija"]
[Black "Padurariu, Ioana Smaranda"]
[Result "1/2-1/2"]
[WhiteElo "2120"]
[BlackElo "2242"]
[PlyCount "68"]
[EventDate "2008.04.21"]
[EventRounds "11"]
[EventCountry "BUL"]

1.d4 Nf6 2.c4 e6 3.Nc3 Bb4 4.Qc2 O-O 5.Bg5 h6 6.Bh4 c5 7.e3 Nc6 8.Nf3 d6 9.Be2
e5 10.dxe5 dxe5 11.O-O Bxc3 12.Qxc3 g5 13.Bg3 Ne4 14.Qa3 Qe7 15.Rfe1 f5 16.Rad1
b6 17.Qa4 Qf6 18.Rd5 f4 19.exf4 exf4 20.Bd3 fxg3 21.Rxe4 gxf2+ 22.Kf1 Nb4 23.Re8
Nxd5 24.Rxf8+ Kxf8 25.cxd5 a6 26.Qe4 Ra7 27.Ne5 Re7 28.Ng6+ Kf7 29.Nxe7 Qxe7
30.Qg6+ Kf8 31.Qxh6+ Ke8 32.Qg6+ Kf8 33.Qh6+ Ke8 34.Qg6+ Kf8

[Event "9th EUROPEAN  INDIVIDUAL  WOME"]
[Site "Plovdiv, Bulgaria"]
[Date "2008.04.27"]
[Round "7"]
[Board "1"]
[White "Hairapetian, Anna"]
[Black "Gromova, Iulia"]
[Result "1-0"]
[WhiteElo "2115"]
[BlackElo "2232"]
[PlyCount "59"]
[EventDate "2008.04.21"]
[EventRounds "11"]
[EventCountry "BUL"]

1.e4 c6 2.d4 d5 3.e5 Bf5 4.Nf3 e6 5.Be2 Nd7 6.O-O h6 7.b3 Ne7 8.c4 Bh7 9.Nc3 Ng6
10.Bd3 Be7 11.Bb2 O-O 12.Qc2 f5 13.exf6 Rxf6 14.Rae1 Ndf8 15.Ne5 Nf4 16.Bxh7+
Nxh7 17.g3 Nh3+ 18.Kg2 N3g5 19.f4 Ne4 20.Nxe4 dxe4 21.Qxe4 Nf8 22.Ng4 Rf7 23.f5
Qa5 24.fxe6 Rxf1 25.Rxf1 Qxa2 26.Rf2 Qxb3 27.d5 cxd5 28.cxd5 Rd8 {Diagram #}
29.Nxh6+ gxh6 30.Rxf8+

[Event "9th EUROPEAN  INDIVIDUAL  WOME"]
[Site "Plovdiv, Bulgaria"]
[Date "2008.04.27"]
[Round "7"]
[Board "1"]
[White "Bensdorp, Laura"]
[Black "Mijovic, Aleksandra"]
[Result "1-0"]
[WhiteElo "2085"]
[BlackElo "2222"]
[PlyCount "51"]
[EventDate "2008.04.21"]
[EventRounds "11"]
[EventCountry "BUL"]

1.e4 c5 2.Nf3 e6 3.d4 cxd4 4.Nxd4 Nf6 5.Nc3 d6 6.Qf3 Nc6 7.Nxc6 bxc6 8.e5 Nd5
9.exd6 Bxd6 10.Ne4 Be7 11.Bc4 O-O 12.O-O Qb6 13.b3 f5 14.Ng3 Bf6 15.Ba3 Rd8
16.Rad1 Qa5 17.b4 Qb6 18.Ne2 Kh8 19.Nf4 Nxf4 20.Rxd8+ Qxd8 21.Qxf4 e5 22.Qf3 e4
23.Qh5 Qe7 24.b5 c5 25.Bxc5 {Diagram #} Qe5 26.Bd6

[Event "9th EUROPEAN  INDIVIDUAL  WOME"]
[Site "Plovdiv, Bulgaria"]
[Date "2008.04.27"]
[Round "7"]
[Board "1"]
[White "Jelica, Mara"]
[Black "Foisor, Mihaela Veronica"]
[Result "1-0"]
[WhiteElo "2206"]
[BlackElo "2088"]
[PlyCount "137"]
[EventDate "2008.04.21"]
[EventRounds "11"]
[EventCountry "BUL"]

1.e4 e6 2.f4 d5 3.e5 c5 4.Nf3 Nc6 5.b3 Nge7 6.Bb2 Ng6 7.g3 Be7 8.d4 cxd4 9.Nxd4
f6 10.Bd3 fxe5 11.Nxc6 bxc6 12.fxe5 O-O 13.Nd2 Bc5 14.Qh5 Bf2+ 15.Kd1 Be3 16.Nf3
Rf7 17.Bc1 Qb6 18.Re1 Bxc1 19.Rxc1 Nf8 20.Ng5 g6 21.Qh6 Re7 22.Rf1 Ba6 23.Ke2
Bxd3+ 24.cxd3 Qd4 25.Nf3 Qb2+ 26.Qd2 Qxd2+ 27.Kxd2 Rc8 28.Rc5 Nd7 29.Ra5 Rc7
30.d4 c5 31.Rc1 c4 32.bxc4 dxc4 33.Ng5 Nb6 34.Ne4 Rf7 35.Nf6+ Kf8 36.Rc5 Rxc5
37.dxc5 Nd7 38.Nxd7+ Rxd7+ 39.Kc3 Rd5 40.Kxc4 Rxe5 41.Rb1 Re2 42.a4 Rxh2 43.Rb7
a6 44.Ra7 Rc2+ 45.Kb4 e5 46.Rxa6 Ke7 47.Ra7+ Kf6 48.Rxh7 e4 49.Rh8 e3 50.Re8 e2
51.a5 Kg5 52.a6 Ra2 53.Kb5 Kg4 54.Re3 Rb2+ 55.Kc4 Ra2 56.Kd3 Rxa6 57.Kxe2 Rc6
58.Rc3 g5 59.Kd2 Kh3 60.Kc2 g4 61.Kb3 Rxc5 62.Rxc5 Kxg3 63.Kc2 Kh2 64.Rh5+ Kg2
65.Kd2 g3 66.Ke2 Kg1 67.Ra5 g2 68.Ra1+ Kh2 69.Kf2

[Event "9th EUROPEAN  INDIVIDUAL  WOME"]
[Site "Plovdiv, Bulgaria"]
[Date "2008.04.27"]
[Round "7"]
[Board "1"]
[White "Stiri, Alexandra"]
[Black "Pavlidou, Ekaterini"]
[Result "1/2-1/2"]
[WhiteElo "2193"]
[BlackElo "1978"]
[PlyCount "67"]
[EventDate "2008.04.21"]
[EventRounds "11"]
[EventCountry "BUL"]

1.e4 c5 2.Nf3 e6 3.d4 cxd4 4.Nxd4 Nf6 5.Nc3 Nc6 6.Ndb5 Bb4 7.a3 Bxc3+ 8.Nxc3 d5
9.exd5 exd5 10.Bd3 O-O 11.O-O d4 12.Ne2 Bg4 13.Bg5 Re8 14.Re1 Re5 15.Qd2 h6
16.Bh4 Bf5 17.f4 Rd5 18.Ng3 Bxd3 19.cxd3 Na5 20.Bxf6 Qxf6 21.b4 Nc6 22.Rac1 a5
23.Ne4 Qd8 24.Nc5 axb4 25.axb4 Qb6 26.Rc4 Nxb4 27.Rxb4 Qxc5 28.Rxb7 Qc3 29.Qe2
Rd6 30.f5 Rf6 31.Qe5 Kh7 32.Rf1 Ra3 33.Rd7 Qxd3 34.Rxd4 {.....}

[Event "9th EUROPEAN  INDIVIDUAL  WOME"]
[Site "Plovdiv, Bulgaria"]
[Date "2008.04.27"]
[Round "7"]
[Board "1"]
[White "Marin, Irina Luiza"]
[Black "Galunova, Tsveta"]
[Result "1-0"]
[WhiteElo "2182"]
[BlackElo "1816"]
[PlyCount "81"]
[EventDate "2008.04.21"]
[EventRounds "11"]
[EventCountry "BUL"]

1.c4 f5 2.g3 Nf6 3.Bg2 g6 4.Nc3 Bg7 5.d3 O-O 6.e4 fxe4 7.dxe4 d6 8.Nge2 c5 9.O-O
Nc6 10.Nd5 Rf7 11.h3 Bd7 12.Be3 a6 13.f4 Rb8 14.Qd2 b5 15.Rad1 Ne8 16.e5 Na5
17.cxb5 Rxb5 18.b3 Bc6 19.Nec3 Rb8 20.Ne4 Bxd5 21.Qxd5 Nc7 22.Qd2 Nb5 23.Ng5 Rf8
24.Ne6 Qb6 25.Nxf8 Rxf8 26.b4 Nc6 27.Qd5+ Kh8 28.Qxc6 Qxc6 29.Bxc6 Nc3 30.Rd3
Nxa2 31.Bd2 Nxb4 32.Bxb4 cxb4 33.Ra1 dxe5 34.fxe5 Bxe5 35.Rxa6 Kg7 36.Bd5 Bc3
37.Kg2 e5 38.Ra7+ Kh6 39.Rf7 Rb8 40.Bb3 e4 41.Re3

[Event "9th EUROPEAN  INDIVIDUAL  WOME"]
[Site "Plovdiv, Bulgaria"]
[Date "2008.04.27"]
[Round "7"]
[Board "1"]
[White "Zhorzholiani, Meri"]
[Black "Tsarouha, Marianthi"]
[Result "1-0"]
[WhiteElo "2133"]
[BlackElo "1747"]
[PlyCount "81"]
[EventDate "2008.04.21"]
[EventRounds "11"]
[EventCountry "BUL"]

1.d4 Nf6 2.c4 e6 3.Nf3 b6 4.Nc3 Bb4 5.Bg5 h6 6.Bh4 g5 7.Bg3 Ne4 8.Qc2 Bxc3+
9.bxc3 f5 10.e3 Bb7 11.Bd3 Nxg3 12.hxg3 g4 13.Nh4 Qf6 14.Ke2 d6 15.d5 Kf7
16.dxe6+ Qxe6 17.f3 Ba6 18.Nxf5 Bxc4 19.Nxh6+ Ke8 20.Nxg4 Rxh1 21.Rxh1 Nd7
22.Rh8+ Nf8 23.Qa4+ b5 24.Bxc4 Qxc4+ 25.Qxc4 bxc4 26.Nf6+ Ke7 27.Nh7 Rb8 28.Rxf8
Rb2+ 29.Kd1 Rxa2 30.Ra8 a5 31.g4 Ra3 32.Kc2 Ra2+ 33.Kb1 Rxg2 34.Rxa5 Re2 35.e4
Re3 36.Rf5 Rxc3 37.g5 Rb3+ 38.Kc2 d5 39.exd5 Rb6 40.Kc3 c6 41.Rf6

[Event "9th EUROPEAN  INDIVIDUAL  WOME"]
[Site "Plovdiv, Bulgaria"]
[Date "2008.04.27"]
[Round "7"]
[Board "1"]
[White "Grapsa, Georgia"]
[Black "Coimbra, Margarida"]
[Result "1/2-1/2"]
[WhiteElo "2098"]
[BlackElo "2120"]
[PlyCount "49"]
[EventDate "2008.04.21"]
[EventRounds "11"]
[EventCountry "BUL"]

1.d4 d5 2.Nf3 c6 3.c4 Nf6 4.Qc2 e6 5.g3 Nbd7 6.Bg2 Be7 7.O-O O-O 8.Rd1 Ne4 9.Nc3
f5 10.Ne1 Ndf6 11.f3 Nxc3 12.Qxc3 b6 13.Nd3 Ba6 14.cxd5 cxd5 15.Nf4 Qd6 16.Qe3
Kf7 17.h4 g6 18.Bd2 Rac8 19.Rac1 Rxc1 20.Rxc1 Rc8 21.Rxc8 Bxc8 22.Kf2 Bf8 23.Nd3
Qc7 24.Ne5+ Kg8 25.Qc3

[Event "9th EUROPEAN  INDIVIDUAL  WOME"]
[Site "Plovdiv, Bulgaria"]
[Date "2008.04.27"]
[Round "7"]
[Board "1"]
[White "Bakalarz, Grazyna"]
[Black "Stefanova, Milena"]
[Result "0-1"]
[WhiteElo "2006"]
[BlackElo "2029"]
[PlyCount "64"]
[EventDate "2008.04.21"]
[EventRounds "11"]
[EventCountry "BUL"]

1.d4 Nf6 2.Bf4 g6 3.e3 Bg7 4.Nf3 O-O 5.Be2 d6 6.h3 Nbd7 7.O-O c6 8.c4 Qe8 9.Nc3
e5 10.Bh2 Qe7 11.Re1 Ne8 12.Qc2 f5 13.b4 g5 14.dxe5 dxe5 15.c5 h5 16.Rad1 Kh8
17.Bc4 b6 18.cxb6 Nxb6 19.Na4 Nxc4 20.Qxc4 g4 21.hxg4 hxg4 22.Nd2 Be6 23.Qc5 Qf6
24.Nc4 Bxc4 25.Qxc4 f4 26.exf4 exf4 27.Re6 Qg5 28.Qe4 g3 29.fxg3 fxg3 30.Bxg3
Qxg3 31.Rg6 Qf2+ 32.Kh1 Rf4

[Event "9th EUROPEAN  INDIVIDUAL  WOME"]
[Site "Plovdiv, Bulgaria"]
[Date "2008.04.27"]
[Round "7"]
[Board "1"]
[White "Boyarchenko, Marie"]
[Black "Paikidze, Nazi"]
[Result "0-1"]
[WhiteElo "1877"]
[BlackElo "2347"]
[PlyCount "100"]
[EventDate "2008.04.21"]
[EventRounds "11"]
[EventCountry "BUL"]

1.e4 c5 2.Nf3 d6 3.d4 cxd4 4.Nxd4 Nf6 5.Nc3 a6 6.f3 e5 7.Nb3 Be6 8.Nd5 Nbd7
9.Be3 Rc8 10.c4 Be7 11.Be2 O-O 12.O-O Ne8 13.Qd2 Kh8 14.Rac1 f5 15.exf5 Bxf5
16.Nxe7 Qxe7 17.Rfd1 Be6 18.Qb4 Nb8 19.Na5 Rf7 20.Bd3 Nc6 21.Qd2 Nf6 22.Bg5 Nd4
23.Nb3 Nxb3 24.axb3 Qc7 25.Bc2 Rd8 26.Qd3 a5 27.Qe3 Re8 28.Qd2 Rd8 29.Qe3 Rdd7
30.f4 exf4 31.Bxf4 Rfe7 32.Qd3 Qc5+ 33.Be3 Qh5 34.Bf2 d5 35.Qc3 Ng4 36.Bg3 Bg8
37.h3 Ne3 38.Re1 Qg5 39.Kh2 d4 40.Qd3 Re6 41.h4 Qh6 42.c5 Qh5 43.b4 Qd5 44.Qd2
axb4 45.Bf4 Nc4 46.Qxb4 Rf6 47.Bb3 Rxf4 48.Bxc4 Qh5 49.Bxg8 Qxh4+ 50.Kg1 Qf2+

[Event "9th EUROPEAN  INDIVIDUAL  WOME"]
[Site "Plovdiv, Bulgaria"]
[Date "2008.04.27"]
[Round "7"]
[Board "1"]
[White "Ikonomopoulou, Maria"]
[Black "Nikolaidou, Eleni"]
[Result "1-0"]
[WhiteElo "2050"]
[BlackElo "1817"]
[PlyCount "45"]
[EventDate "2008.04.21"]
[EventRounds "11"]
[EventCountry "BUL"]

1.e4 c5 2.Nf3 Nc6 3.d4 cxd4 4.Nxd4 Nf6 5.Nc3 d6 6.Bc4 e6 7.Be3 Be7 8.O-O O-O
9.Qe2 Qc7 10.Rad1 a6 11.a4 b6 12.Nxc6 Qxc6 13.f3 Bb7 14.Bd3 Nd7 15.f4 Nc5 16.Bd4
Qc7 17.f5 Nxd3 18.Rxd3 e5 19.Be3 Rac8 20.Rf3 f6 21.Rh3 d5 22.Qh5 Bc5 23.Qxh7+

[Event "9th EUROPEAN  INDIVIDUAL  WOME"]
[Site "Plovdiv, Bulgaria"]
[Date "2008.04.27"]
[Round "7"]
[Board "1"]
[White "Mihajlova, Diana"]
[Black "Bayrak, Asli"]
[Result "0-1"]
[WhiteElo "1623"]
[BlackElo "2031"]
[PlyCount "70"]
[EventDate "2008.04.21"]
[EventRounds "11"]
[EventCountry "BUL"]

1.e4 e6 2.d4 d5 3.Bd3 dxe4 4.Bxe4 Nf6 5.Nc3 c6 6.Nf3 Bb4 7.Bd3 Nbd7 8.Bf4 O-O
9.O-O a6 10.Ne4 Nxe4 11.Bxe4 Nf6 12.Bd3 Be7 13.Ne5 Bd7 14.Qf3 b5 15.Nxc6 Bxc6
16.Qxc6 Qxd4 17.Bc1 Nd5 18.Rd1 Qe5 19.c3 Rfc8 20.Qb7 Rcb8 21.Qc6 Rd8 22.f4 Qb8
23.f5 Rc8 24.Bf4 Qa7+ 25.Kh1 Rxc6 26.Bg3 Bd6 27.Bh4 Re8 28.Re1 Qc7 29.g3 e5
30.Be4 Nf6 31.Bxf6 gxf6 32.b3 Rxc3 33.g4 h6 34.h4 Qc5 35.Rg1 Qf2

[Event "9th EUROPEAN  INDIVIDUAL  WOME"]
[Site "Plovdiv, Bulgaria"]
[Date "2008.04.29"]
[Round "8"]
[Board "1"]
[White "Danielian, Elina"]
[Black "Cramling, Pia"]
[Result "0-1"]
[WhiteElo "2479"]
[BlackElo "2539"]
[PlyCount "72"]
[EventDate "2008.04.21"]
[EventRounds "11"]
[EventCountry "BUL"]

1.d4 Nf6 2.Nf3 e6 3.e3 b6 4.Bd3 Bb7 5.O-O d5 6.c4 Bd6 7.Nc3 O-O 8.cxd5 exd5
9.Nb5 Be7 10.Qc2 c5 11.dxc5 bxc5 12.b3 Nc6 13.a3 Ba6 14.Nc3 Bxd3 15.Qxd3 Rb8
16.Rb1 Na5 17.Qc2 Qc7 18.e4 dxe4 19.Nxe4 Nxe4 20.Qxe4 Rxb3 21.Rxb3 Nxb3 22.Bf4
Qd7 23.Rb1 Bf6 24.h3 h6 25.Ne5 Qe6 26.Re1 Nd4 27.Ng4 Bg5 28.Bxg5 hxg5 29.Ne5 Re8
30.Qb7 f6 31.Nd3 Ne2+ 32.Rxe2 Qxe2 33.Qd5+ Kh8 34.h4 c4 35.Qxc4 Rd8 36.Qf7 Qxd3

[Event "9th EUROPEAN  INDIVIDUAL  WOME"]
[Site "Plovdiv, Bulgaria"]
[Date "2008.04.29"]
[Round "8"]
[Board "1"]
[White "Zhukova, Natalia"]
[Black "Muzychuk, Anna"]
[Result "1/2-1/2"]
[WhiteElo "2450"]
[BlackElo "2486"]
[PlyCount "50"]
[EventDate "2008.04.21"]
[EventRounds "11"]
[EventCountry "BUL"]

1.d4 f5 2.Bg5 g6 3.Nc3 d5 4.e3 Bg7 5.h4 Nh6 6.Bxh6 Bxh6 7.f4 Bg7 8.h5 Be6 9.Qf3
Qd6 10.Qg3 Bf7 11.Nf3 Nd7 12.Ne5 c6 13.Bd3 Nxe5 14.fxe5 Qd7 15.Kd2 O-O-O 16.Na4
e6 17.Nc5 Qe7 18.b4 b6 19.Na6 Bh6 20.hxg6 hxg6 21.Rh3 Bg7 22.Rah1 Rxh3 23.Rxh3
Rh8 24.Rxh8+ Bxh8 25.a4 Bg7

[Event "9th EUROPEAN  INDIVIDUAL  WOME"]
[Site "Plovdiv, Bulgaria"]
[Date "2008.04.29"]
[Round "8"]
[Board "1"]
[White "Javakhishvili, Lela"]
[Black "Melia, Salome"]
[Result "1/2-1/2"]
[WhiteElo "2466"]
[BlackElo "2413"]
[PlyCount "52"]
[EventDate "2008.04.21"]
[EventRounds "11"]
[EventCountry "BUL"]

1.f4 c5 2.Nf3 Nc6 3.e4 e6 4.Nc3 d5 5.exd5 exd5 6.Bb5 Nf6 7.O-O Be7 8.Ne5 Bd7
9.Bxc6 Bxc6 10.Nxc6 bxc6 11.Qf3 O-O 12.b3 Re8 13.Bb2 c4 14.Kh1 Qd7 15.Ne2 Ne4
16.Rad1 Bf6 17.Bc1 a5 18.bxc4 dxc4 19.f5 Qd5 20.d3 cxd3 21.cxd3 Nc3 22.Nxc3 Qxf3
23.Rxf3 Bxc3 24.Rf2 Bd4 25.Rc2 c5 26.g4 h5

[Event "9th EUROPEAN  INDIVIDUAL  WOME"]
[Site "Plovdiv, Bulgaria"]
[Date "2008.04.29"]
[Round "8"]
[Board "1"]
[White "Moser, Eva"]
[Black "Dzagnidze, Nana"]
[Result "1/2-1/2"]
[WhiteElo "2395"]
[BlackElo "2443"]
[PlyCount "131"]
[EventDate "2008.04.21"]
[EventRounds "11"]
[EventCountry "BUL"]

1.e4 c5 2.c3 d5 3.exd5 Qxd5 4.d4 Nf6 5.Nf3 Bg4 6.Be2 e6 7.Na3 Nc6 8.Be3 cxd4
9.Nb5 Rc8 10.Nbxd4 Bc5 11.Nb5 Bxf3 12.Qxd5 exd5 13.Bxc5 Bxe2 14.Nd6+ Kd7 15.Nxc8
Ba6 16.Nd6 Ne5 17.Ba3 Nd3+ 18.Kd2 Nxf2 19.Rhe1 N6e4+ 20.Nxe4 Nxe4+ 21.Kc2 f5
22.Rad1 Ke6 23.Bc5 b6 24.Bd4 h5 25.Bxg7 Rg8 26.Bh6 Rxg2+ 27.Rd2 Rg4 28.h3 Rg3
29.Rh2 Bd3+ 30.Kc1 Ke5 31.Be3 f4 32.Bf2 Rf3 33.Bd4+ Kf5 34.a4 Rg3 35.b3 f3
36.Kb2 Be2 37.a5 Nc5 38.Rg1 h4 39.axb6 axb6 40.Ra1 Nd3+ 41.Kc2 b5 42.Ra8 b4
43.Rf8+ Kg6 44.cxb4 Nxb4+ 45.Kd2 Nd3 46.Rh8 Kg5 47.Be3+ Kf5 48.Rh5+ Ke6 49.Rxh4
Rg8 50.Ra4 Rb8 51.Ra3 Ke5 52.h4 Rc8 53.Ra1 d4 54.Ra5+ Nc5 55.Bf2 Ke4 56.Rxc5
Rxc5 57.h5 Ra5 58.Rh4+ Kf5 59.Bxd4 Kg5 60.Rh2 Rd5 61.Kc3 Kh6 62.Be3+ Kh7 63.Kc2
Bd1+ 64.Kc3 Bxb3 65.Kxb3 Rd3+ 66.Kc2

[Event "9th EUROPEAN  INDIVIDUAL  WOME"]
[Site "Plovdiv, Bulgaria"]
[Date "2008.04.29"]
[Round "8"]
[Board "1"]
[White "Skripchenko, Almira"]
[Black "Mkrtchian, Lilit"]
[Result "1-0"]
[WhiteElo "2443"]
[BlackElo "2413"]
[PlyCount "55"]
[EventDate "2008.04.21"]
[EventRounds "11"]
[EventCountry "BUL"]

1.e4 e6 2.d4 d5 3.Nc3 Bb4 4.exd5 exd5 5.Bd3 Nc6 6.a3 Bxc3+ 7.bxc3 Nge7 8.Qh5 Be6
9.Rb1 b6 10.Nf3 Qd7 11.Ng5 g6 12.Qf3 Bf5 13.g4 Be6 14.Ba6 Ng8 15.Nxe6 Qxe6+
16.Kd1 Kf8 17.Re1 Qd7 18.Bf4 h5 19.h3 hxg4 20.hxg4 Na5 21.Qg3 c6 22.Bd3 Nc4
23.Bxc4 dxc4 24.Kd2 Rh7 25.Bd6+ Kg7 26.Rh1 Rxh1 27.Rxh1 Re8 28.Qh2

[Event "9th EUROPEAN  INDIVIDUAL  WOME"]
[Site "Plovdiv, Bulgaria"]
[Date "2008.04.29"]
[Round "8"]
[Board "1"]
[White "Stepovaia, Tatiana"]
[Black "Dembo, Yelena"]
[Result "0-1"]
[WhiteElo "2378"]
[BlackElo "2429"]
[PlyCount "156"]
[EventDate "2008.04.21"]
[EventRounds "11"]
[EventCountry "BUL"]

1.e4 c5 2.Nc3 Nc6 3.g3 g6 4.Bg2 Bg7 5.Nge2 d6 6.d3 e5 7.Nd5 Be6 8.Nec3 Nd4 9.O-O
Qd7 10.f4 O-O-O 11.Ne3 exf4 12.gxf4 Bh3 13.Ncd5 Bxg2 14.Kxg2 f5 15.c3 Nc6 16.Qf3
Nge7 17.Bd2 Rdf8 18.Nc4 Kb8 19.Rae1 fxe4 20.dxe4 Nxd5 21.exd5 Ne7 22.Re6 Nf5
23.Qe4 Qd8 24.Ne3 Bh6 25.Nxf5 Rxf5 26.c4 Rhf8 27.b3 a6 28.Be3 Qh4 29.Re8+ Rxe8
30.Qxe8+ Ka7 31.h3 Bxf4 32.Bxf4 Rxf4 33.Rxf4 Qxf4 34.Qd7 Qd2+ 35.Kg3 Qe3+ 36.Kg2
Qe2+ 37.Kg3 Qe5+ 38.Kf3 h5 39.Qe6 Qh2 40.h4 Qxh4 41.Qxg6 Qh1+ 42.Kf2 Qh2+ 43.Kf1
h4 44.a4 Qf4+ 45.Kg2 Kb6 46.Qd3 Qg4+ 47.Kh2 Qd4 48.Qf3 Ka5 49.Kh3 Kb4 50.Qf7
Kxb3 51.Qxb7+ Kxc4 52.Qxa6+ Kxd5 53.Qa8+ Kc4 54.Qa6+ Kc3 55.Qc6 Qf4 56.Kg2 Kb3
57.a5 Qd2+ 58.Kh3 Qxa5 59.Qd5+ Ka3 60.Qd3+ Ka4 61.Qd1+ Kb5 62.Qd3+ Kc6 63.Kxh4
Qb4+ 64.Kg3 c4 65.Qe4+ Kb6 66.Kf3 Qc3+ 67.Kf2 Qd2+ 68.Kg1 Kc5 69.Qf5+ d5 70.Qf8+
Kd4 71.Qg7+ Kd3 72.Qg6+ Kc3 73.Qa6 Qc1+ 74.Kf2 Qb2+ 75.Kf1 d4 76.Qf6 Kc2 77.Qf5+
d3 78.Qd5 Kb1

[Event "9th EUROPEAN  INDIVIDUAL  WOME"]
[Site "Plovdiv, Bulgaria"]
[Date "2008.04.29"]
[Round "8"]
[Board "1"]
[White "Kovalevskaya, Ekaterina"]
[Black "Houska, Jovanka"]
[Result "1/2-1/2"]
[WhiteElo "2421"]
[BlackElo "2390"]
[PlyCount "163"]
[EventDate "2008.04.21"]
[EventRounds "11"]
[EventCountry "BUL"]

1.Nf3 Nf6 2.g3 d5 3.Bg2 c6 4.O-O Bf5 5.d3 e6 6.Nbd2 h6 7.b3 Nbd7 8.Bb2 Be7 9.e4
dxe4 10.dxe4 Bh7 11.Qe2 O-O 12.e5 Nd5 13.Ne4 Nc5 14.Nfd2 Qc7 15.c4 Nb6 16.Nxc5
Bxc5 17.Be4 Rfd8 18.Rad1 Bf8 19.Bxh7+ Kxh7 20.Ne4 Rxd1 21.Rxd1 Rd8 22.Rd3 Kg8
23.f4 Rxd3 24.Qxd3 Nd7 25.Qd2 Nc5 26.Nf2 a5 27.Bc3 b6 28.Kg2 Qd7 29.Qxd7 Nxd7
30.Kf3 h5 31.Nd1 Bc5 32.h3 g6 33.Nb2 Kf8 34.Nd3 Ke7 35.Bb2 Ke8 36.g4 hxg4+
37.hxg4 Bg1 38.a3 Nc5 39.Nc1 Na6 40.Ne2 Bc5 41.Bd4 Kd7 42.Ke3 Bxa3 43.Bxb6 Bc5+
44.Bxc5 Nxc5 45.Nc1 Kc7 46.Kf3 Kd7 47.Kf2 Kd8 48.Ke3 Kc7 49.Kd4 Kb6 50.g5 Na6
51.Nd3 c5+ 52.Kc3 Nc7 53.Nf2 Ne8 54.Ne4 Kc6 55.Kb2 Kb6 56.Ka3 Ng7 57.Nd6 Nh5
58.Nxf7 Nxf4 59.Kb2 Kc6 60.Kc3 Ne2+ 61.Kd3 Nd4 62.Nh8 Kd7 63.Nxg6 Nxb3 64.Nf4
Nd4 65.Kc3 Nf3 66.g6 Ke7 67.Nd3 a4 68.Nxc5 Nxe5 69.g7 Kf7 70.Nxe6 Nc6 71.c5 Ne7
72.Nf4 Kxg7 73.Kb4 Kf7 74.Kxa4 Ke8 75.Kb5 Kd7 76.Kb6 Nc8+ 77.Kb7 Nd6+ 78.Kb6
Nc8+ 79.Kb5 Nd6+ 80.Kb4 Nb7 81.Nd3 Nxc5 82.Nxc5+

[Event "9th EUROPEAN  INDIVIDUAL  WOME"]
[Site "Plovdiv, Bulgaria"]
[Date "2008.04.29"]
[Round "8"]
[Board "1"]
[White "Hoang, Thanh Trang"]
[Black "Turova, Irina"]
[Result "1/2-1/2"]
[WhiteElo "2477"]
[BlackElo "2380"]
[PlyCount "119"]
[EventDate "2008.04.21"]
[EventRounds "11"]
[EventCountry "BUL"]

1.d4 Nf6 2.Bg5 e6 3.Nd2 c5 4.e3 cxd4 5.exd4 h6 6.Bh4 Be7 7.Bd3 b6 8.Ngf3 Bb7
9.O-O O-O 10.Re1 Nc6 11.c3 Nd5 12.Bg3 a6 13.a4 d6 14.Nc4 Nf6 15.Nfd2 b5 16.Ne3
b4 17.Nb3 bxc3 18.bxc3 Na5 19.Nxa5 Qxa5 20.Nc4 Qc7 21.a5 Qc6 22.f3 Nh5 23.Nb6
Rae8 24.c4 Nxg3 25.hxg3 Qc7 26.Kh2 Bf6 27.Be4 d5 28.cxd5 exd5 29.Bxd5 Rxe1
30.Qxe1 Bxd4 31.Rc1 Qb8 32.Rb1 Re8 33.Qd1 Qe5 34.f4 Qf5 35.Qxd4 Bxd5 36.Rf1 Bc6
37.Qc3 Qe4 38.Rf2 Rd8 39.Rc2 Bb5 40.Rd2 Rxd2 41.Qxd2 Bc6 42.Nc8 h5 43.Nd6 Qe6
44.f5 Qd5 45.Qxd5 Bxd5 46.f6 gxf6 47.Ne8 Kf8 48.Nxf6 Bc4 49.Nxh5 Ke7 50.g4 Kd6
51.Kg3 Kc5 52.Kf4 Kb4 53.Ke3 Kxa5 54.Kd2 Kb4 55.Kc2 Bb3+ 56.Kb2 Bd1 57.Nf6 Kc5
58.Ng8 Kd6 59.Nh6 f6 60.Ng8

[Event "9th EUROPEAN  INDIVIDUAL  WOME"]
[Site "Plovdiv, Bulgaria"]
[Date "2008.04.29"]
[Round "8"]
[Board "1"]
[White "Pogonina, Natalija"]
[Black "Kovanova, Baira"]
[Result "1-0"]
[WhiteElo "2470"]
[BlackElo "2372"]
[PlyCount "79"]
[EventDate "2008.04.21"]
[EventRounds "11"]
[EventCountry "BUL"]

1.e4 e5 2.Nf3 Nc6 3.Bb5 a6 4.Ba4 Nf6 5.O-O b5 6.Bb3 Be7 7.d3 d6 8.a4 b4 9.a5 O-O
10.Nbd2 Rb8 11.Nc4 Be6 12.Be3 Qc8 13.h3 Nd7 14.Re1 Bf6 15.Qd2 Nd4 16.Bxd4 exd4
17.e5 dxe5 18.Ncxe5 Bxb3 19.cxb3 Bxe5 20.Nxe5 c5 21.Rac1 Rb5 22.Nc4 Qc6 23.Qf4
Nf6 24.Re5 Rb7 25.Nb6 Rc7 26.Qf5 g6 27.Qg5 Nd7 28.Nxd7 Qxd7 29.Rexc5 Rxc5
30.Qxc5 Re8 31.Qxb4 Re2 32.Qb6 Re6 33.Qb8+ Re8 34.Qf4 Qd5 35.b4 Re2 36.Qf6 Qd7
37.Rc4 Rxb2 38.Rxd4 Rb1+ 39.Kh2 Qc7+ 40.f4